000 00455nam a22001817a 4500
999 _c3017
_d2974
008 171016b xxu||||| |||| 00| | tur d
020 _a9750703596
041 _atur
050 _aPL248.E7366
100 _91481
_aErgül, Hakan
245 _aKrizanteme Adanmış
250 _a1. Baskı
260 _aİstanbul:
_bCan Yayınları,
_c2003
300 _a138 Sayfa
500 _a2 adet mevcuttur.
650 0 _9145
_aTürk Edebiyatı
942 _2lcc
_cBK